00378pab a2200133 454500008004000000100002000040245006900060260000900129300000900138362001100147650004600158650002800204773001200232180718b2000 xxu||||| |||| 00| 0 eng d aBrar, Bhupinder aTowards on era of great powers: the enigma of new foreign policy c2000 ap.12 a24 Oct aIndia - Foreign relations - United States aInternational relations aTribune